Výpočetní technika : učební text pro střední odborné školy /

Main Author: Kollert, Emil
Language: Czech
Published: Praha : Státní nakladatelství technické literatury, 1987
Edition: 2., nezm. vyd.
Online Access: Digitalizovaný dokument
Physical Description: 171 s., příl.
Book
Saved in:
LEADER 01813nam a22003612a 4500
001 000257769
003 CZ BrMZK
005 20161005071008.0
007 ta
008 970107s1987 xr f cze d
015 |a cnb000030382 
035 |a (OCoLC)39409929 
040 |a BOA001  |b cze 
080 9 |a 372.868.13(075.3):377.5 
100 1 |a Kollert, Emil  |7 jx20050725012  |4 aut 
245 1 0 |a Výpočetní technika :  |b učební text pro střední odborné školy /  |c Emila Kollert 
250 |a 2., nezm. vyd. 
260 |a Praha :  |b Státní nakladatelství technické literatury,  |c 1987 
300 |a 171 s., příl. 
856 4 1 |u http://www.digitalniknihovna.cz/mzk/uuid/uuid:e4dfa8d0-ef97-11e3-b72e-005056827e52  |y Digitalizovaný dokument  |x NDK 
910 |a BOA001  |b PK-0103.799  |b TK-0232.358  |b 2-0916.653  |b PK-0106.307 
920 |a 000263317 
920 |a 000171796 
964 |a Technika výpočetní - učebnice - školy odborné střední 
990 |a BK 
996 6 |b 2619329797  |c 2-0916.653  |l MZK  |r Sklad / do 1 hodiny  |n 0  |w 000257769  |u 000030  |a 1  |e BOA001  |j MZK50  |s P 
996 7 |b 2629962138  |c TK-0232.358  |l MZK  |r Sklad / do 24 hodin  |n 0  |w 000257769  |u 000020  |a 1  |e BOA001  |j MZK50  |s A 
996 7 |b 2629996463  |c TK-0236.286  |l MZK  |r Sklad / do 24 hodin  |n 0  |w 000257769  |u 000080  |a 1  |e BOA001  |j MZK50  |s A 
996 7 |b 2629996464  |c TK-0236.286  |l MZK  |r Sklad / do 24 hodin  |n 0  |w 000257769  |u 000070  |a 1  |e BOA001  |j MZK50  |s A 
996 7 |b 2629996465  |c TK-0236.286  |l MZK  |r Sklad / do 24 hodin  |n 0  |w 000257769  |u 000060  |a 1  |e BOA001  |j MZK50  |s A 
996 7 |b 2629996466  |c TK-0236.286  |l MZK  |r Sklad / do 24 hodin  |n 1  |w 000257769  |u 000050  |a 1  |e BOA001  |j MZK50  |s A 
996 7 |b 3119915758  |c PK-0103.799  |l MZK  |r Sklad / do 1 hodiny  |n 3  |w 000257769  |u 000010  |a 1  |e BOA001  |j MZK50  |s A 
996 7 |b 3119942308  |c PK-0106.307  |l MZK  |r Sklad / do 1 hodiny  |n 2  |w 000257769  |u 000040  |a 1  |e BOA001  |j MZK50  |s A